[Event "RM-2022-0-00255"]
[Site "LSS email"]
[Date "2022.01.29"]
[Round "?"]
[White "Langeveld, Michel"]
[Black "Kazimierski, Tomasz"]
[Result "1/2-1/2"]
[WhiteElo "2319"]
[BlackElo "2163"]
[PlyCount "92"]
[EventDate "2022.01.10"]
[EventType "tourn (corr)"]
[EventRounds "6"]
[EventCountry "GER"]
[SourceTitle "Corr 2024"]
[Source "ChessBase"]
[SourceDate "2023.10.19"]
[SourceVersion "1"]
[SourceVersionDate "2023.10.19"]
[SourceQuality "1"]

1. e4 e5 2. Nf3 Nc6 3. Bb5 Nf6 4. 0-0 Nxe4 5. Re1 Nd6 6. Nxe5 Nxe5 7. Bf1 Be7 8. Rxe5 0-0 9. d4 Bf6 10. Re1 Re8 11. Bf4 Rxe1 12. Qxe1 Ne8 13. c3 d5 14. Nd2 Bf5 15. Qe2 Nd6 16. Re1 h6 17. Be5 Be6 18. h3 c6 19. g4 Be7 20. Qe3 Qd7 21. Bf4 Re8 22. Bd3 Nc4 23. Nxc4 dxc4 24. Bc2 Bf8 25. Qe4 g6 26. Qe5 b5 27. Qc7 Qxc7 28. Bxc7 Rc8 29. Bh2 Bd5 30. h4 c5 31. dxc5 Bxc5 32. h5 Kg7 33. Be5+ f6 34. Bf4 gxh5 35. Bf5 Rg8 36. gxh5 Bf7 37. Rd1 Bxh5 38. Rd7+ Bf7 39. Rb7 Bb6 40. Kf1 Re8 41. Bd7 Re7 42. Bd6 Bd5 43. Rxa7 Rf7 44. Ra6 Rxd7 45. Rxb6 Bf3 46. Kg1 Kg6 1/2-1/2

[Event "RM-2022-0-00255"]
[Site "LSS email"]
[Date "2022.01.29"]
[Round "?"]
[White "Langeveld, Michel"]
[Black "Nichols, Scott"]
[Result "1/2-1/2"]
[WhiteElo "2319"]
[BlackElo "2336"]
[PlyCount "37"]
[EventDate "2022.01.10"]
[EventType "tourn (corr)"]
[EventRounds "6"]
[EventCountry "GER"]
[SourceTitle "Corr 2024"]
[Source "ChessBase"]
[SourceDate "2023.10.19"]
[SourceVersion "1"]
[SourceVersionDate "2023.10.19"]
[SourceQuality "1"]

1. c4 e5 2. Nc3 Nf6 3. g3 Bb4 4. Bg2 0-0 5. e4 Bxc3 6. bxc3 c6 7. Ne2 d5 8. cxd5 cxd5 9. exd5 Nxd5 10. d4 exd4 11. Qxd4 Be6 12. 0-0 Nc6 13. Qc5 Qb6 14. Qa3 Rfd8 15. Nf4 Nxf4 16. Bxf4 Rac8 17. Rfb1 Qa5 18. Qxa5 Nxa5 19. Bxb7 1/2-1/2

[Event "RM-2022-0-00255"]
[Site "LSS email"]
[Date "2022.01.29"]
[Round "?"]
[White "Langeveld, Michel"]
[Black "Szabo, Vilmos"]
[Result "1-0"]
[WhiteElo "2319"]
[BlackElo "2387"]
[PlyCount "31"]
[EventDate "2022.01.10"]
[EventType "tourn (corr)"]
[EventRounds "6"]
[EventCountry "GER"]
[SourceTitle "Corr 2024"]
[Source "ChessBase"]
[SourceDate "2023.10.19"]
[SourceVersion "1"]
[SourceVersionDate "2023.10.19"]
[SourceQuality "1"]

1. e4 c5 2. Nf3 d6 3. d4 cxd4 4. Nxd4 Nf6 5. Nc3 a6 6. Bg5 e6 7. f4 Qb6 8. Qd2 Qxb2 9. Rb1 Qa3 10. f5 Nc6 11. fxe6 Bxe6 12. Rxb7 Nxd4 13. Qxd4 Be7 14. Bc4 Rc8 15. Nd5 Nxd5 16. Qxg7 1-0

[Event "RM-2021-0-00246"]
[Site "LSS email"]
[Date "2021.11.03"]
[Round "?"]
[White "Langeveld, Michel"]
[Black "Sorcinelli, Andrea"]
[Result "1/2-1/2"]
[WhiteElo "2324"]
[BlackElo "2367"]
[PlyCount "100"]
[EventDate "2021.06.19"]
[EventType "tourn (corr)"]
[EventRounds "6"]
[EventCountry "GER"]
[SourceTitle "Corr 2024"]
[Source "ChessBase"]
[SourceDate "2023.10.19"]
[SourceVersion "1"]
[SourceVersionDate "2023.10.19"]
[SourceQuality "1"]

1. e4 c5 2. Nf3 d6 3. d4 cxd4 4. Nxd4 Nf6 5. Nc3 a6 6. Bg5 e6 7. f4 Qb6 8. Qd2 Qxb2 9. Rb1 Qa3 10. f5 Nc6 11. fxe6 fxe6 12. Nxc6 bxc6 13. Bd3 Be7 14. 0-0 0-0 15. Kh1 e5 16. Bc4+ Kh8 17. Bd3 Be6 18. Qe1 Rfb8 19. Rxb8+ Rxb8 20. Bc1 Qa5 21. Bd2 Qb6 22. a4 a5 23. Ne2 Ra8 24. Ng3 Qd4 25. Bxa5 Qxa4 26. Bd2 c5 27. Qb1 c4 28. Be2 Qc6 29. Bf3 h6 30. Be3 Bg8 31. Nf5 Bf8 32. c3 Bh7 33. g4 Bxf5 34. gxf5 Ra3 35. Qc2 Qb7 36. Rc1 Qb3 37. Qxb3 cxb3 38. Rb1 Kh7 39. Bc1 Ra4 40. Be3 Nxe4 41. Rxb3 Nf6 42. Kg2 Ra2+ 43. Kf1 Rc2 44. Be2 d5 45. Bf2 Rc1+ 46. Kg2 h5 47. Bg3 e4 48. Bf4 Rc2 49. Kf1 Bc5 50. Ke1 Ra2 1/2-1/2

[Event "RM-2021-0-00244"]
[Site "LSS email"]
[Date "2021.08.18"]
[Round "?"]
[White "Langeveld, Michel"]
[Black "Nichols, Scott"]
[Result "1/2-1/2"]
[WhiteElo "2328"]
[BlackElo "2329"]
[PlyCount "72"]
[EventDate "2021.04.25"]
[EventType "tourn (corr)"]
[EventRounds "6"]
[EventCountry "GER"]
[SourceTitle "Corr 2024"]
[Source "ChessBase"]
[SourceDate "2023.10.19"]
[SourceVersion "1"]
[SourceVersionDate "2023.10.19"]
[SourceQuality "1"]

1. e4 e5 2. Nf3 Nc6 3. Bb5 Nf6 4. 0-0 Nxe4 5. Re1 Nd6 6. Nxe5 Be7 7. Bf1 Nxe5 8. Rxe5 0-0 9. Nc3 Bf6 10. Re1 Re8 11. Nd5 Rxe1 12. Qxe1 b6 13. Nxf6+ Qxf6 14. d3 Bb7 15. Qd2 c5 16. c3 h6 17. Qf4 Qxf4 18. Bxf4 Nf5 19. a4 g5 20. Bd2 a5 21. Be2 Re8 22. Re1 Bc6 23. Bd1 Rxe1+ 24. Bxe1 Nh4 25. f3 Ng6 26. d4 c4 27. g3 f5 28. g4 f4 29. b3 b5 30. axb5 Bxb5 31. Be2 d5 32. Bd2 Ne7 33. Bc1 Nc8 34. Ba3 Kf7 35. Kg2 Na7 36. b4 a4 1/2-1/2

[Event "RM-2020-0-00216"]
[Site "LSS email"]
[Date "2020.08.21"]
[Round "?"]
[White "Langeveld, Michel"]
[Black "Enev, Zlatko"]
[Result "1/2-1/2"]
[WhiteElo "2329"]
[BlackElo "2337"]
[PlyCount "74"]
[EventDate "2020.07.28"]
[EventType "tourn (corr)"]
[EventRounds "6"]
[EventCountry "GER"]
[SourceTitle "Corr 2022"]
[Source "ChessBase"]
[SourceDate "2021.10.24"]
[SourceVersion "1"]
[SourceVersionDate "2021.10.24"]
[SourceQuality "1"]

1. e4 Nc6 2. d4 d5 3. e5 Bf5 4. c3 e6 5. Be2 f6 6. f4 g5 7. Bh5+ Kd7 8. fxg5 fxe5 9. Nf3 h6 10. Nxe5+ Nxe5 11. dxe5 hxg5 12. g4 Rxh5 13. gxf5 g4 14. fxe6+ Kc8 15. Bf4 Qh4+ 16. Ke2 Qd8 17. Qd3 Ne7 18. Nd2 a5 19. Raf1 Ra6 20. Qg3 Rh8 21. Qxg4 Qe8 22. Bg3 Kb8 23. Rf7 Rg8 24. Qh3 Rb6 25. b3 Ng6 26. Qf5 Bc5 27. Kd1 Nf8 28. e7 Bxe7 29. Rg1 Rc6 30. e6 Nxe6 31. Re1 Rf8 32. Rxf8 Bxf8 33. Qxd5 Bg7 34. c4 Qg6 35. Re4 Bf8 36. Re5 Bb4 37. Ne4 Qg4+ 1/2-1/2

[Event "RM-2020-0-00216"]
[Site "LSS email"]
[Date "2020.08.21"]
[Round "?"]
[White "Langeveld, Michel"]
[Black "Koch, Christian"]
[Result "1/2-1/2"]
[WhiteElo "2329"]
[BlackElo "2343"]
[PlyCount "38"]
[EventDate "2020.07.28"]
[EventType "tourn (corr)"]
[EventRounds "6"]
[EventCountry "GER"]
[SourceTitle "Corr 2022"]
[Source "ChessBase"]
[SourceDate "2021.10.24"]
[SourceVersion "1"]
[SourceVersionDate "2021.10.24"]
[SourceQuality "1"]

1. e4 c5 2. Nf3 d6 3. d4 cxd4 4. Nxd4 Nf6 5. Nc3 a6 6. Bg5 e6 7. f4 Qb6 8. a3 Nbd7 9. Bh4 e5 10. fxe5 dxe5 11. Nb3 Nc5 12. Bxf6 Qxf6 13. Bc4 Nxe4 14. Bxf7+ Qxf7 15. Nxe4 Qf4 16. Qh5+ g6 17. Qe2 Bf5 18. Nf6+ Kf7 19. Nd5 Qe4 1/2-1/2

[Event "RA-2019-0-00640"]
[Site "LSS email"]
[Date "2019.10.12"]
[Round "?"]
[White "Langeveld, Michel"]
[Black "Cirulis, Ilmars"]
[Result "1-0"]
[WhiteElo "2284"]
[BlackElo "2205"]
[PlyCount "81"]
[EventDate "2019.09.18"]
[EventType "tourn (corr)"]
[EventRounds "6"]
[EventCountry "GER"]
[SourceTitle "Corr 2022"]
[Source "ChessBase"]
[SourceDate "2021.10.24"]
[SourceVersion "1"]
[SourceVersionDate "2021.10.24"]
[SourceQuality "1"]

1. e4 e5 2. Nf3 Nc6 3. Bb5 Nf6 4. d3 Bc5 5. c3 0-0 6. 0-0 d6 7. Re1 Ng4 8. Re2 Bb6 9. d4 Nf6 10. Be3 Nxe4 11. d5 Bxe3 12. Rxe3 Nxf2 13. Kxf2 Ne7 14. Bf1 c6 15. c4 cxd5 16. cxd5 b5 17. Bxb5 Nf5 18. Rb3 e4 19. Ne1 Qb6+ 20. Kf1 Ne3+ 21. Rxe3 Qxe3 22. Qd2 Qb6 23. a4 f5 24. Nc3 e3 25. Qe2 f4 26. Nf3 Bg4 27. Ne4 Bf5 28. Nc3 Bg4 29. Ne4 Bf5 30. Neg5 Rac8 31. Ne1 Rf6 32. Kg1 Rg6 33. a5 Qb8 34. Ngf3 Rc5 35. Bc4 Qb4 36. Rc1 Qxa5 37. Nd3 Bxd3 38. Qxd3 Rc8 39. b3 Qa2 40. Qc2 Qa3 41. h3 1-0

[Event "RA-2019-0-00640"]
[Site "LSS email"]
[Date "2019.10.12"]
[Round "?"]
[White "Langeveld, Michel"]
[Black "Wernikiewicz, Zbigniew"]
[Result "1/2-1/2"]
[WhiteElo "2284"]
[BlackElo "2246"]
[PlyCount "83"]
[EventDate "2019.09.18"]
[EventType "tourn (corr)"]
[EventRounds "6"]
[EventCountry "GER"]
[SourceTitle "Corr 2022"]
[Source "ChessBase"]
[SourceDate "2021.10.24"]
[SourceVersion "1"]
[SourceVersionDate "2021.10.24"]
[SourceQuality "1"]

1. e4 e5 2. Nf3 Nc6 3. Bc4 Nf6 4. Ng5 d5 5. exd5 Na5 6. Bb5+ c6 7. dxc6 bxc6 8. Be2 h6 9. Nh3 Bc5 10. 0-0 0-0 11. Nc3 Nb7 12. d3 Re8 13. Kh1 Bf5 14. Bf3 Qd7 15. Ng1 Rad8 16. Qe1 Bb6 17. Ne4 Nd5 18. a4 a5 19. Bd2 c5 20. b3 Nb4 21. Rc1 Nd6 22. Be3 Bg6 23. Qe2 Na2 24. Rce1 Nb4 25. Rc1 Qc7 26. Ng3 Nf5 27. Nxf5 Bxf5 28. Be4 Be6 29. c3 Nd5 30. c4 Nb4 31. g4 h5 32. g5 g6 33. Rfd1 Bf5 34. Qf1 Rd6 35. Rd2 Bxe4+ 36. dxe4 Rxd2 37. Bxd2 Nc6 38. Ne2 Qd7 39. Be3 Rb8 40. Rd1 Nd4 41. Rd3 Bc7 42. Nc1 1/2-1/2

[Event "SA-2019-0-00678"]
[Site "LSS email"]
[Date "2019.03.30"]
[Round "?"]
[White "Langeveld, Michel"]
[Black "Langheld, Werner"]
[Result "1-0"]
[WhiteElo "2180"]
[BlackElo "1901"]
[PlyCount "117"]
[EventDate "2019.03.17"]
[EventType "tourn (corr)"]
[EventRounds "6"]
[EventCountry "GER"]
[SourceTitle "Corr 2022"]
[Source "ChessBase"]
[SourceDate "2021.10.24"]
[SourceVersion "1"]
[SourceVersionDate "2021.10.24"]
[SourceQuality "1"]

1. e4 e6 2. d4 d5 3. exd5 exd5 4. Nf3 Nc6 5. Bd3 Bd6 6. 0-0 Nge7 7. Re1 0-0 8. c3 Bf5 9. b3 Qd7 10. Ba3 Rae8 11. Bxd6 Qxd6 12. a4 Qf6 13. Ra2 Bg4 14. Nbd2 Ng6 15. h3 Rxe1+ 16. Qxe1 Bd7 17. Qd1 Nf4 18. Bf1 Re8 19. Kh2 Qh6 20. Ne1 Ne7 21. Ndf3 Bf5 22. Ne5 Qd6 23. g3 Ne6 24. N1f3 c5 25. dxc5 Qxc5 26. c4 Be4 27. cxd5 Nxd5 28. Qe1 Qb4 29. Rd2 Nec7 30. Qd1 Nc3 31. Qc1 N7d5 32. Rd4 Qc5 33. Qd2 Bxf3 34. b4 Nb1 35. Qb2 Qc3 36. Qxc3 Nbxc3 37. Nxf3 Kf8 38. Bd3 h6 39. a5 g6 40. Kg2 Re7 41. h4 Kg7 42. h5 Kf6 43. Bc4 Rd7 44. Bb3 g5 45. Kh2 b5 46. Kh1 a6 47. Rd3 Rd6 48. Kg1 Ke7 49. Nd4 Kf6 50. Nc2 Ke5 51. Ne3 f5 52. f3 Ne2+ 53. Kf2 Nec3 54. Ke1 Rd7 55. g4 f4 56. Nf5 Rh7 57. Kd2 Nb1+ 58. Kc1 Nbc3 59. Kb2 1-0

[Event "SA-2019-0-00678"]
[Site "LSS email"]
[Date "2019.03.30"]
[Round "?"]
[White "Langeveld, Michel"]
[Black "Mary, Patrick"]
[Result "1/2-1/2"]
[WhiteElo "2180"]
[BlackElo "2045"]
[PlyCount "107"]
[EventDate "2019.03.17"]
[EventType "tourn (corr)"]
[EventRounds "6"]
[EventCountry "GER"]
[SourceTitle "Corr 2022"]
[Source "ChessBase"]
[SourceDate "2021.10.24"]
[SourceVersion "1"]
[SourceVersionDate "2021.10.24"]
[SourceQuality "1"]

1. e4 e5 2. Nf3 Nc6 3. Bc4 Nf6 4. Ng5 d5 5. exd5 Na5 6. Bb5+ c6 7. dxc6 bxc6 8. Qf3 Be7 9. Bd3 0-0 10. Nc3 h6 11. Nge4 Nd5 12. Ng3 Nb4 13. Nf5 Bg5 14. h4 Nxd3+ 15. cxd3 Be7 16. b3 Bxf5 17. Qxf5 c5 18. Bb2 Nc6 19. Kf1 Rc8 20. Rc1 Rc7 21. Rh3 Rd7 22. Na4 Nb4 23. Qxe5 Bf6 24. Qf4 Nxd3 25. Bxf6 Nxf4 26. Bxd8 Nxh3 27. Ba5 Nf4 28. Nxc5 Rd5 29. Rc4 Ng6 30. Bc3 Nxh4 31. Ne6 fxe6 32. Rxh4 Rdf5 33. f3 Rf4 34. Rh1 Kh7 35. Kf2 g5 36. Re1 Re8 37. Be5 Rf7 38. Re4 h5 39. Ke3 h4 40. b4 Ref8 41. Ke2 a6 42. a4 Rc8 43. Bc3 Rc6 44. Rd4 Rf8 45. Rd7+ Kg6 46. Re7 Rf4 47. Ke3 Rf7 48. Re8 Kf5 49. a5 g4 50. fxg4+ Kxg4 51. Rg8+ Kf5 52. g4+ hxg3 53. Rxg3 Rb7 54. Rf3+ 1/2-1/2

[Event "SA-2019-0-00678"]
[Site "LSS email"]
[Date "2019.03.30"]
[Round "?"]
[White "Pupo Perez, Hector"]
[Black "Langeveld, Michel"]
[Result "1/2-1/2"]
[WhiteElo "2243"]
[BlackElo "2180"]
[PlyCount "49"]
[EventDate "2019.03.17"]
[EventType "tourn (corr)"]
[EventRounds "6"]
[EventCountry "GER"]
[SourceTitle "Corr 2022"]
[Source "ChessBase"]
[SourceDate "2021.10.24"]
[SourceVersion "1"]
[SourceVersionDate "2021.10.24"]
[SourceQuality "1"]

1. d4 Nf6 2. c4 g6 3. Nc3 Bg7 4. e4 d6 5. h3 0-0 6. Be3 e5 7. d5 Na6 8. g4 c6 9. Nf3 Nc5 10. Qc2 cxd5 11. cxd5 Bd7 12. Nd2 Rc8 13. a4 Ne8 14. Bb5 f5 15. gxf5 gxf5 16. Rg1 Nxe4 17. Ndxe4 fxe4 18. Bxa7 Bxb5 19. axb5 Nf6 20. Be3 Kh8 21. Qa4 Qd7 22. 0-0-0 Qxh3 23. Kb1 Rf7 24. Rg3 Qh5 25. Rg5 1/2-1/2

[Event "SA-2019-0-00673"]
[Site "LSS email"]
[Date "2019.03.17"]
[Round "?"]
[White "Langeveld, Michel"]
[Black "Muniz Pardino, Alberto"]
[Result "1/2-1/2"]
[WhiteElo "2155"]
[BlackElo "2274"]
[PlyCount "93"]
[EventDate "2019.02.08"]
[EventType "tourn (corr)"]
[EventRounds "6"]
[EventCountry "GER"]
[SourceTitle "Corr 2022"]
[Source "ChessBase"]
[SourceDate "2021.10.24"]
[SourceVersion "1"]
[SourceVersionDate "2021.10.24"]
[SourceQuality "1"]

1. e4 c5 2. Nf3 d6 3. d4 cxd4 4. Nxd4 Nf6 5. Nc3 g6 6. f3 Bg7 7. Be3 0-0 8. Qd2 Nc6 9. g4 Be6 10. 0-0-0 Nxd4 11. Bxd4 Qa5 12. a3 Rab8 13. Kb1 Rfc8 14. h4 b5 15. Nd5 Qxd2 16. Rxd2 Bxd5 17. exd5 a5 18. h5 Nd7 19. g5 Ne5 20. Rf2 Ng4 21. Rd2 Ne5 22. Rf2 Ng4 23. Rg2 Bxd4 24. Rxg4 Bg7 25. Be2 Rc5 26. Rd1 Rbc8 27. Rd2 f5 28. gxf6 Bxf6 29. c3 Kg7 30. Ka2 b4 31. axb4 axb4 32. cxb4 Rc2 33. Rxc2 Rxc2 34. Bd3 Rxb2+ 35. Ka3 Rf2 36. Be4 g5 37. Rg1 Kh6 38. Ka4 Re2 39. Kb5 Bd4 40. Rd1 Bc3 41. Kc4 Re1 42. Rd3 Be5 43. Bf5 Kxh5 44. Bxh7 Kh6 45. Bf5 Kg7 46. Kb5 Kf6 47. Be6 1/2-1/2

[Event "RA-2019-0-00616"]
[Site "LSS email"]
[Date "2019.02.23"]
[Round "?"]
[White "Langeveld, Michel"]
[Black "Pilgram, Kurt"]
[Result "1/2-1/2"]
[WhiteElo "2155"]
[BlackElo "2142"]
[PlyCount "123"]
[EventDate "2019.01.04"]
[EventType "tourn (corr)"]
[EventRounds "6"]
[EventCountry "GER"]
[SourceTitle "Corr 2022"]
[Source "ChessBase"]
[SourceDate "2021.10.24"]
[SourceVersion "1"]
[SourceVersionDate "2021.10.24"]
[SourceQuality "1"]

1. e4 c5 2. Nf3 d6 3. d4 cxd4 4. Nxd4 Nf6 5. Nc3 a6 6. Bg5 e6 7. f4 Be7 8. Qf3 Qc7 9. 0-0-0 Nbd7 10. g4 b5 11. Bxf6 Nxf6 12. g5 Nd7 13. f5 0-0 14. Rg1 b4 15. Nce2 e5 16. f6 exd4 17. fxe7 Re8 18. Nxd4 Ne5 19. Qf4 g6 20. Kb1 Qxe7 21. h4 Ra7 22. Qd2 a5 23. h5 Rc7 24. Qf4 a4 25. Be2 a3 26. Nb5 Rc6 27. h6 axb2 28. Qf6 Qxf6 29. gxf6 Ba6 30. Rge1 Rd8 31. Rd4 Rb8 32. Rxb4 Nd7 33. Rf1 Rcb6 34. a4 Nc5 35. c4 Nxe4 36. Kxb2 Ng3 37. Rf2 d5 38. cxd5 Nxe2 39. Rxe2 Kf8 40. Kb3 Rxf6 41. Rc2 Rd8 42. Rc6 Rf3+ 43. Nc3 Bd3 44. Rcb6 Rc8 45. Rc6 Ra8 46. d6 g5 47. a5 Ke8 48. Rc7 Rd8 49. Rd4 Rb8+ 50. Rb4 Rd8 51. Rd4 Rb8+ 52. Ka3 Kd8 53. Rd5 Rc8 54. Rdc5 Ba6 55. Ka4 g4 56. Nd5 g3 57. Nb6 Rf4+ 58. Kb3 Rf3+ 59. Kb4 Rf4+ 60. Kc3 Rxc7 61. dxc7+ Ke7 62. Rg5 1/2-1/2

[Event "RA-2019-0-00616"]
[Site "LSS email"]
[Date "2019.02.23"]
[Round "?"]
[White "Vaassen, Jack M"]
[Black "Langeveld, Michel"]
[Result "1/2-1/2"]
[WhiteElo "2101"]
[BlackElo "2155"]
[PlyCount "82"]
[EventDate "2019.01.04"]
[EventType "tourn (corr)"]
[EventRounds "6"]
[EventCountry "GER"]
[SourceTitle "Corr 2022"]
[Source "ChessBase"]
[SourceDate "2021.10.24"]
[SourceVersion "1"]
[SourceVersionDate "2021.10.24"]
[SourceQuality "1"]

1. d4 f5 2. c4 Nf6 3. e3 d6 4. Nf3 g6 5. b4 e5 6. dxe5 dxe5 7. Qxd8+ Kxd8 8. a3 e4 9. Nd4 a5 10. Bb2 Ke7 11. Nb5 Na6 12. N1c3 Be6 13. Nd5+ Bxd5 14. cxd5 axb4 15. Bc4 Bg7 16. 0-0 Ne8 17. Bxg7 Nxg7 18. axb4 Nxb4 19. Rab1 Na6 20. f3 exf3 21. gxf3 Rhd8 22. e4 c6 23. Nd4 Nc5 24. Rfd1 Rac8 25. Rb6 cxd5 26. Bxd5 Rc7 27. Re1 fxe4 28. fxe4 Rcd7 29. Re3 Ra8 30. Rh3 Ra1+ 31. Kg2 Nh5 32. Rf3 Ra6 33. Rb5 Kd6 34. Nc2 Ne6 35. Nb4 Nef4+ 36. Kf2 Ra1 37. Bxb7 Rc7 38. Rb6+ Kc5 39. Rb3 Kd4 40. Nc6+ Kxe4 41. Ne7+ Kd4 1/2-1/2

[Event "RA-2019-0-00614"]
[Site "LSS email"]
[Date "2019.02.11"]
[Round "?"]
[White "Cirulis, Ilmars"]
[Black "Langeveld, Michel"]
[Result "1/2-1/2"]
[WhiteElo "2203"]
[BlackElo "2155"]
[PlyCount "102"]
[EventDate "2018.12.24"]
[EventType "tourn (corr)"]
[EventRounds "6"]
[EventCountry "GER"]
[SourceTitle "Corr 2022"]
[Source "ChessBase"]
[SourceDate "2021.10.24"]
[SourceVersion "1"]
[SourceVersionDate "2021.10.24"]
[SourceQuality "1"]

1. b4 b5 2. a4 bxa4 3. e3 Nf6 4. d4 e6 5. c3 Bb7 6. Rxa4 a5 7. Rxa5 Rxa5 8. bxa5 c5 9. Qb3 Qc7 10. Nf3 Be7 11. dxc5 Bxc5 12. Be2 0-0 13. 0-0 Bxf3 14. Bxf3 Qxa5 15. c4 Nc6 16. Bd2 Bb4 17. Nc3 Rb8 18. Rb1 Qe5 19. Qc2 g5 20. g3 g4 21. Bg2 h5 22. Qd3 Kg7 23. Rb2 h4 24. gxh4 Rh8 25. Be1 Qa5 26. Rb3 Ne5 27. Qd4 d6 28. c5 Bxc5 29. Qf4 Rh6 30. h5 Nh7 31. Rb5 Qa3 32. h3 Rxh5 33. hxg4 Rh4 34. Qa4 Rxg4 35. Qxa3 Bxa3 36. Kf1 Rb4 37. Ra5 Nc4 38. Rb5 Rxb5 39. Nxb5 Bc5 40. Be4 Nf6 41. Bd3 Ne5 42. Bc2 Kf8 43. Ke2 Nc4 44. Bb3 d5 45. Nc3 Ke7 46. e4 Nb6 47. f3 d4 48. Na4 Nxa4 49. Bxa4 Nh5 50. Bd2 e5 51. Bb5 f6 1/2-1/2

[Event "LSS BI-2007-P-00001"]
[Site "LSS email"]
[Date "2007.04.23"]
[Round "?"]
[White "Langeveld, Michel"]
[Black "Sagi, Raju"]
[Result "1-0"]
[WhiteElo "2155"]
[BlackElo "305"]
[PlyCount "29"]
[EventDate "2007.04.23"]
[EventType "tourn (corr)"]
[EventRounds "10"]
[EventCountry "GER"]
[SourceTitle "Corr 2015"]
[Source "ChessBase"]
[SourceDate "2015.07.17"]
[SourceVersion "1"]
[SourceVersionDate "2015.07.17"]
[SourceQuality "1"]

1. e4 e5 2. f4 d6 3. Nf3 Nf6 4. Nc3 Nc6 5. Bc4 exf4 6. d4 g6 7. Bxf4 Qe7 8. 0-0 Bg7 9. Bg5 0-0 10. Nd5 Qd7 11. Nxf6+ Bxf6 12. Bxf6 Qg4 13. Qd2 Be6 14. Qh6 Bxc4 15. Qg7# 1-0

[Event "IECG RI.2007.0.00092 email"]
[Site "IECG email"]
[Date "2007.02.10"]
[Round "?"]
[White "Harlekijn, Rinus"]
[Black "Langeveld, Michel"]
[Result "0-1"]
[WhiteElo "1680"]
[BlackElo "1970"]
[PlyCount "42"]
[EventDate "2007.02.10"]
[EventType "tourn (corr)"]
[EventRounds "6"]
[SourceTitle "Corr 2008"]
[Source "ChessBase"]
[SourceDate "2008.06.24"]
[SourceVersion "1"]
[SourceVersionDate "2008.06.24"]
[SourceQuality "1"]

1. e4 e5 2. Nc3 Nf6 3. Nf3 Nc6 4. Bb5 Bb4 5. 0-0 0-0 6. d3 d6 7. Bg5 Bxc3 8. bxc3 h6 9. Bd2 Bd7 10. Qe2 a6 11. Ba4 b5 12. Bb3 Na5 13. c4 c5 14. Nh4 Rb8 15. Rfb1 Re8 16. h3 bxc4 17. dxc4 Bc6 18. f3 Nxb3 19. Rxb3 Rxb3 20. axb3 Nxe4 21. Rxa6 Bb7 0-1